Score 0/7 Timer 03:00
0 Plays Today
Question Answer Wrong Answers
______ becomes the first female Prime Minister of Israel.
1969
Golda Meir
88.3%
Isabel Perón
4.8%
Mary Robinson
1.1%
Milka Planinc
3.1%
Researchers at the University of California, Berkeley announce the creation of element 98, which they name ______.
1950
Californium
78.5%
Berkelon
10.6%
Calvium
4.2%
Berkton
4.6%
This American singer and TV host, known for his renditions of ‘Unforgettable’ and ‘Mona Lisa’, is born.
1919
Nat King Cole
69.3%
Frank Sinatra
13.3%
Duke Ellington
3.8%
Tony Bennett
12.2%
This American swimmer, the most decorated female athlete of the 2016 Olympic Games, is born.
1997
Katie Ledecky
60.4%
Natalie Coughlin
7.6%
Missy Franklin
19.8%
Amanda Weir
8.9%
During the American Revolution, George Washington grants the Continental Army a holiday 'as an act of solidarity with the ______ in their fight for independence'.
1780
Irish
49.8%
French
41%
Spanish
6.2%
Germans
3%
A referendum to end apartheid in South Africa is passed 68.7% to 31.2%. In what year did the institution of apartheid begin?
1992
1948
38%
1922
19.4%
1965
24.3%
1901
15.1%
The Italian Republic, with this man as president, becomes the Kingdom of Italy.
1805
Napoleon I
28.7%
Giuseppe Mazzini
63.3%
Kaiser Wilhelm
3.5%
Benjamin Disraeli
3.6%
Remove Ads.
Support Sporcle.
Get the best of Sporcle when you Go Orange. This ad-free experience offers more features, more stats, and more fun while also helping to support Sporcle. Thank you for becoming a member.

You're not logged in!

Compare scores with friends on all Sporcle quizzes.
OR
Log In

Show Comments

Extras

Top Quizzes Today


Score Distribution

Your Account Isn't Verified!

In order to create a playlist on Sporcle, you need to verify the email address you used during registration. Go to your Sporcle Settings to finish the process.

Report this User

Report this user for behavior that violates our Community Guidelines.

Details: